书目信息 |
| 题名: |
哈佛MBA经营案例全书
|
|
| 作者: | 张石森 , 欧阳云 主编 | |
| 分册: | ||
| 出版信息: | 呼和浩特 远方出版社 2003.07 |
|
| 页数: | 14, 355页 | |
| 开本: | 21cm | |
| 丛书名: | 哈佛模式管理全集 | |
| 单 册: | ||
| 中图分类: | F27 | |
| 科图分类: | ||
| 主题词: | 企业管理--案例--世界 , 企业管理 | |
| 电子资源: | ||
| ISBN: | 7-80595-889-0 | |
| 000 | 00998nam0 2200289 450 | |
| 001 | 0131074047 | |
| 005 | 20051110084625.45 | |
| 010 | @a7-80595-889-0@dCNY25.00 | |
| 100 | @a20051013d2003 km y0chiy0120 ea | |
| 101 | 0 | @achi |
| 102 | @aCN@b150000 | |
| 105 | @aa z 000yy | |
| 200 | 1 | @a哈佛MBA经营案例全书@Aha fo MBA jing ying an li quan shu@d= Prosecution cases@f张石森, 欧阳云主编@Fzhang shi sen,ou yang yun zhu bian@zeng |
| 210 | @a呼和浩特@c远方出版社@d2003.07 | |
| 215 | @a14, 355页@c图@d21cm | |
| 225 | 2 | @a哈佛模式管理全集 |
| 314 | @a责任者取自版权页。 | |
| 330 | @a本书参照哈佛MBA选编教学案例的思想进行编辑,选择代表性案例,涵盖经营管理各个方面的实务性、实践性与操作性内容。 | |
| 410 | 0 | @12001 @a哈佛模式管理全集 |
| 510 | 1 | @aProsecution cases@zeng |
| 606 | 0 | @a企业管理@x案例@y世界 |
| 606 | 0 | @a企业管理 |
| 690 | @aF27@v4 | |
| 701 | 0 | @a张石森@Azhang shi sen@4主编 |
| 701 | 0 | @a欧阳云@Aou yang yun@4主编 |
| 801 | 0 | @aCN@bQSSK@c20051110 |
| 905 | @a10447@dF27@eZ176 | |
| 哈佛MBA经营案例全书= Prosecution cases/张石森, 欧阳云主编.-呼和浩特:远方出版社,2003.07 |
| 14, 355页:图;21cm.-(哈佛模式管理全集) |
| ISBN 7-80595-889-0:CNY25.00 |
| 本书参照哈佛MBA选编教学案例的思想进行编辑,选择代表性案例,涵盖经营管理各个方面的实务性、实践性与操作性内容。 |
| ● |
| 相关链接 |
|
|
|
正题名:哈佛MBA经营案例全书
索取号:F27/Z176
 
预约/预借
| 序号 | 登录号 | 条形码 | 馆藏地/架位号 | 状态 | 备注 |
| 1 | 574270 | 205742703 | 社科库409/409社科库 82排1列3层/ [索取号:F27/Z176] | 在馆 | |
| 2 | 574271 | 205742712 | 社科库409/409社科库 82排1列3层/ [索取号:F27/Z176] | 在馆 |